000 00257nam a2200109Ia 4500
008 190216s9999||||xx |||||||||||||| ||und||
100 _aGrewal T S
245 0 _aDouble Entry Book-Keeping
260 _bCambridge Uty Press
_c1980
300 _a456p
942 _cBK
999 _c5587
_d5587